HR mění lidé, ne data samotná

Akú majú dáta cenu v oblasti ľudského kapitálu, predovšetkým ako z nich urobiť hodnotu pre spoločnosť a jej zamestnancov? Ponúkam pohľad do kuchyne práce s dátami nielen v HR najväčšej tuzemskej banke, ale aj jeden príklad, kde sa nám podarilo s pomocou dát zmeniť interný proces banky.

Gespeichert in:
Bibliographische Detailangaben
Format: Buchkapitel
Sprache:Tschechisch
Schlagworte:
Tags: Tag hinzufügen
Keine Tags, Fügen Sie das erste Tag hinzu!

MARC

LEADER 00000naa a2200000 4500
001 0277666
005 20210803104948.2
041 0 |a cze 
044 |a CZ 
245 1 0 |a HR mění lidé, ne data samotná  |c Pavel Vaněček 
520 |a Akú majú dáta cenu v oblasti ľudského kapitálu, predovšetkým ako z nich urobiť hodnotu pre spoločnosť a jej zamestnancov? Ponúkam pohľad do kuchyne práce s dátami nielen v HR najväčšej tuzemskej banke, ale aj jeden príklad, kde sa nám podarilo s pomocou dát zmeniť interný proces banky. 
610 2 0 |a dáta 
610 2 0 |a kapitál ľudský 
610 2 0 |a zdroje ľudské 
610 2 0 |a banky